000 00196 a2200097 4500
001 8319
100 _aEliot, G
245 _aThe Mill on the floss
260 _a
_bCollins
_c
090 _c6696
_d6696
942 _aNUST-CAE
_cM
_c33262
999 _c243392
_d243392